ABC of learning and teaching in medicine / (Record no. 4989)

MARC details
000 -LEADER
fixed length control field 00639nam a22002177a 4500
003 - CONTROL NUMBER IDENTIFIER
control field OSt
005 - DATE AND TIME OF LATEST TRANSACTION
control field 20160816125314.0
008 - FIXED-LENGTH DATA ELEMENTS--GENERAL INFORMATION
fixed length control field 160816b xxu||||| |||| 00| 0 eng d
020 ## - INTERNATIONAL STANDARD BOOK NUMBER
International Standard Book Number 0727916785
040 ## - CATALOGING SOURCE
Transcribing agency 040a
082 ## - DEWEY DECIMAL CLASSIFICATION NUMBER
Classification number WB 100
Item number A31p 2003
245 ## - TITLE STATEMENT
Title ABC of learning and teaching in medicine /
Statement of responsibility, etc. Peter Cantillon, Linda Hutchinsson, Diana Wood
260 ## - PUBLICATION, DISTRIBUTION, ETC. (IMPRINT)
Place of publication, distribution, etc. London
Name of publisher, distributor, etc. BMJ Books
Date of publication, distribution, etc. 2003
300 ## - PHYSICAL DESCRIPTION
Extent vii, 51p;
Other physical details col.ll :
Dimensions 30 cm.
504 ## - BIBLIOGRAPHY, ETC. NOTE
Bibliography, etc Includes index
650 ## - SUBJECT ADDED ENTRY--TOPICAL TERM
Topical term or geographic name as entry element Teaching medicine
9 (RLIN) 10677
700 ## - ADDED ENTRY--PERSONAL NAME
Personal name Cantillon, Peter
9 (RLIN) 10678
700 ## - ADDED ENTRY--PERSONAL NAME
Personal name Hutchinson, Linda
9 (RLIN) 10679
700 ## - ADDED ENTRY--PERSONAL NAME
Personal name Wood, Diana
9 (RLIN) 10680
942 ## - ADDED ENTRY ELEMENTS (KOHA)
Source of classification or shelving scheme Other/Generic Classification Scheme
Koha item type Open Shelf
Holdings
Withdrawn status Lost status Source of classification or shelving scheme Damaged status Not for loan Home library Current library Date acquired Source of acquisition Inventory number Total Checkouts Full call number Barcode Date last seen Price effective from Koha item type
    Other/Generic Classification Scheme     MUST Main Library MUST Main Library 16/08/2016   2007/27639   WB 100 A31p 2003 2016-3629 16/08/2016 16/08/2016 Open Shelf